000 02403nam a2200289Ia 4500
005 20200122132358.0
008 130821s1678 sp frd 0 latsd
040 _aCo-BoUCM
_bspa
_cSandra Yazo
_dSandra Yazo
041 0 _alat
082 0 4 _a340.03
_220
092 _aE08N006
100 1 _aCastejón, Gil de
_962685
_d1618-1692
242 0 0 _aVocabulario jurídico, ordenado alfabéticamente, de temas canónicos, civiles, teóricos, prácticos, morales y políticos.
_bTomo Primero [-segundo]
_cGil de Castejón
_yspa
245 1 0 _cD. Aegidii de Castejon ...
_aAlphabetum iuridicum, canonicum, civile, theoricum, practicum, morale, atque politicum ...
_bTomus primus [-secundus]
260 _aMatriti [Madrid] (España)
_bEx Typographia Regia, Apud Ioannem Garcia Infançon [En la imprenta Real, talleres de Juan García Infanzón]
_c1678
300 _a2 volúmenes (727 ; 691 páginas)
_c35 x 24 cm.
500 _aDetalles físicos: Encuadernación flexible en pergamino, pergamino en tapas con manchas, arrugas y roturas. Ejemplares desencuadernados. Guardas desprendidas y rotas. Anteportada. Portadas impresas en dos tintas, con varias anotaciones de propiedad, algunas tachadas. Licencias y permisos. Privilegio real y tasación. Erratas. Versos latinos de elogio al autor. Palabras al lector. Índice inicial. Cenefas y remates. Mayúsculas capitales. Texto impreso en dos columnas, con diferentes tipos y tamaños de letra. Párrafos numerados para cada significado. Signaturas y reclamos. Deterioro en bordes de páginas. Algunas anotaciones en las páginas. En V.1, Hola suela después de las licencias y páginas 593 a 596, primera y últimas páginas con deterioro. V.2 Tapa posterior roto, esquina inferior al final del libro deterioro en páginas
505 0 _aV.1: A (Abbas = abad) – K (Kyrie eleison) -- V.2: L (Labor = trabajo) – Z (Zelus= celo)
506 _aConsulta en sala
520 _aDiccionario de términos jurídicos, con indicación de los aspectos relacionados con cada uno de ellos. Incluye en cada caso, las "autoridades" que así lo conceptúan y enseñan.
546 _aTexto en latín
650 7 _aDerecho canónico
_912710
_vDiccionarios
_xObras anteriores a 1800
650 7 _aDerecho civil
_vDiccionarios
_xObras anteriores a 1800
_931980
653 _aAmbos derechos
690 _aDerecho civil
_912711
942 _cLIBRO
_a8
_e1
_2LOCAL
_hE08N006
999 _c71728
_d71728